000 00385 a2200169 4500
001 71265
020 _a
040 _cAnchieta - Colégio São Paulo
100 _aKovensky, Martin
240 1 0 _aEra uma vez uma história
_lpor
245 1 0 _aEra uma vez uma história
300 _a32
362 0 _a1982
440 1 _aÁtica
650 4 _aLiteratura infanto-juvenil
942 _cBK
999 _c71265
_d71265